The Rhetoric of inquiry in international relations : a hermeneutic investigation into the forms of argumentation in international relations meta- theory

Salvato in:
Dettagli Bibliografici
Autore principale: Torsten Michel
Natura: Libro
Lingua:inglese
Pubblicazione: Routledge 2022
Tags: Aggiungi Tag
Nessun Tag, puoi essere il primo ad aggiungerne!!

MARC

LEADER 00000nam a22000007a 4500
008 240808b |||||||| |||| 00| 0 eng d
020 |a 9780367703981 
100 |a Torsten Michel 
245 |a The Rhetoric of inquiry in international relations  |b : a hermeneutic investigation into the forms of argumentation in international relations meta- theory  |c Torsten Michel  |e New international relations  |g x, 195p.; ill 
260 |b Routledge  |c 2022  |h New-York  |i 702523  |i 702524  |l JZ1242.T63  |m International relations 
500 |a It includes bibliography and index 
942 |a lcc  |c BK  |e Adeyemo O.O  |f 8/8/2024 
952 |0 0  |1 0  |2 lcc  |4 0  |6 JZ1242 T63  |7 0  |9 5442  |a MPL  |b HOL  |c GJ  |d 2024-08-08  |l 0  |o JZ1242.T63  |p 2024-0683  |r 2024-08-08 00:00:00  |t 702523  |w 2024-08-08  |y BK 
952 |0 0  |1 0  |2 lcc  |4 0  |6 JZ1242 T63  |7 0  |9 5443  |a HOL  |b HOL  |c GJ  |d 2024-08-08  |l 0  |o JZ1242.T63  |p 2024-0684  |r 2024-08-08 00:00:00  |t 702524  |w 2024-08-08  |y BK 
999 |c 2694  |d 2694